Manual de iglecrecimiento / (Registro nro. 10282)
[ vista simple ]
| 000 -LIDER | |
|---|---|
| fixed length control field | 00697nam a22002297a 4500 |
| 001 - NÚMERO DE CONTROL | |
| Identificador de número de control | 00000406 |
| 003 - IDENTIFICACDOR DE NÚMERO DE CONTROL | |
| control field | DO-SdBNP |
| 005 - DATE AND TIME OF LATEST TRANSACTION | |
| control field | 20180130112351.0 |
| 007 - CAMPOS FIJOS DE DESCRIPCIÓN FÍSICA | |
| fixed length control field | 00000406 |
| 008 - ELEMENTOS DE LONGITUD FIJA | |
| fixed length control field | 160606b 1989 flu xxu||||| |||| 00| 0 spa d |
| 040 ## - FUENTE DE CATALOGACIÓN | |
| Agencia que crea de manera original el registro | BPMSU |
| Idioma de catalogación | spa |
| Agencia que realiza la transcripción | BPMSU |
| 100 1# - ASIENTO PRINCIPAL -- NOMBRE PERSONAL | |
| Nombre personal | Miranda, Juan Carlos |
| 245 10 - MENCIÓN DE TITULO | |
| Título | Manual de iglecrecimiento / |
| Mención de responsabilidad | Juan Carlos Miranda ; con un prefacio de Pedro Wagner. |
| 250 ## - MENCIÓN DE EDICION | |
| Mención de edición | 3a. ed. |
| 260 ## - PUBLICACIÓN, DISTRIBUCIÓN, ETC. (PIE DE IMPRENTA) | |
| Lugar de publicación, distribución, etc | Miami, Florida : |
| Nombre del editor, distribuidor, etc. | Vida, |
| Fecha de publicación, distribución, etc | 1989. |
| 300 ## - DESCRIPCIÓN FÍSICA | |
| Extensión | 190, [192] p. |
| Otros detalles físicos | il. ; |
| Dimensiones | 22 cm. |
| 504 ## - NOTA DE BIBLIOGRAFÍA, ETC. | |
| Bibliography, etc | Bibliografía : p. [191-192] |
| 700 12 - ASIENTO SECUNDARIO -- NOMBRE PERSONAL | |
| Nombre personal | Wagner, Pedro, |
| Mención de responsabilidad | pre. |
| 942 ## - ADDED ENTRY ELEMENTS (KOHA) | |
| Source of classification or shelving scheme | Dewey Decimal Classification |
| Koha item type | Libros |
| 945 ## - INFORMACIÓN DE PROCESAMIENTO LOCAL | |
| Información de procesamiento local | Inventariado, 2018/MFF |
| 956 ## - LOCAL ELECTRONIC LOCATION AND ACCESS (OCLC) | |
| Método de acceso | LOPEREZ |
| Materiales especificados | 10 |
| Enlace | 20160606 |
| Campo enlazado y núm. de secuencia | BPMSU |
| Nombre de host | 00041 |
| Withdrawn status | Lost status | Source of classification or shelving scheme | Damaged status | Not for loan | Collection code | Home library | Current library | Date acquired | Source of acquisition | Total Checkouts | Barcode | Date last seen | Price effective from | Koha item type |
|---|---|---|---|---|---|---|---|---|---|---|---|---|---|---|
| Dewey Decimal Classification | Colección General | Biblioteca Pública Metropolitana Salomé Ureña | Biblioteca Pública Metropolitana Salomé Ureña | 06/06/2016 | FUNDI | BPMSU16060071 | 06/06/2016 | 06/06/2016 | Libros |